Auditing handbook 1998

Na minha lista:
Detalhes bibliográficos
Formato: Livro
Idioma:Undetermined
Publicado em: Sydney Prentical Hall 1998
Assuntos:
Tags: Adicionar Tag
Sem tags, seja o primeiro a adicionar uma tag!
Thư viện lưu trữ: Trung tâm Học liệu Trường Đại học Cần Thơ
LEADER 00429nam a2200169Ia 4500
001 CTU_155912
008 210402s9999 xx 000 0 und d
020 |c 419000 
082 |a 657.45 
082 |b A172 
245 0 |a Auditing handbook 1998 
260 |a Sydney 
260 |b Prentical Hall 
260 |c 1998 
650 |a Auditing 
904 |i Trần Trung Ngân 
980 |a Trung tâm Học liệu Trường Đại học Cần Thơ